| 000 | 00578cam a22002291 4500 | ||
|---|---|---|---|
| 001 | sa 68019556 | ||
| 003 | DLC | ||
| 005 | 20260227112718.0 | ||
| 008 | 950217s1966 ii 000 0 tamo | ||
| 010 | _asa 68019556 | ||
| 025 | _aPL480:I-T-1787 | ||
| 035 | _a(OCoLC)32009828 | ||
| 040 |
_aDLC _cCU _dCU _dDLC |
||
| 042 | _apremarc | ||
| 050 | 0 | 0 |
_aPL4780.9.K44 _bZ85 |
| 100 | 1 | _aRamachandran, T. N. | |
| 245 | 1 | 0 | _aKaḷaṅkaṇṭa ar̲avōn̲. |
| 260 | _c[1966] | ||
| 300 |
_a93 p. _c18 cm. |
||
| 500 | _aIn Tamil. | ||
| 600 | 0 | 0 |
_aKhadga Tikkana, _dactive 12th century. |
| 999 |
_c88959 _d88959 |
||